LDR 01198naa#a2200205#i#450# 001 RU\\bibl\126809 005 20260701204538.3 011 ## _a1815-588X 100 ## _a20260630b2026####ek#y0rusy0150####ca 102 ## _aRU 200 1# _aДиагностика узлов тяговых электрических двигателей скоростных поездов типа Push-Pull на сети железных дорог России _eЖурнальная статья 210 1# _aСанкт-Петербург _cФГБОУ ВО "Петербургский государственный университет путей сообщения Императора Александра I" _d2026 215 ## _a10 с. 608 ## _aЖурнальная статья _2local 675 ## _aТехника наземных и водных средств транспорта. 629.1 _aТехника средств транспорта. 629 _z 700 #1 _aПономарев _gИлья Сергеевич 700 #1 _aОбухов _gМихаил Юрьевич 700 #1 _aЕлин _gДмитрий Александрович 700 #1 _aЕвстафьев _gАндрей Михайлович 856 4# _aatjournal.ru _u